[Event "ChFraVétérans2011"]
[Site "Caen"]
[Date "2011.08.18"]
[Round "3.7"]
[White "Mounier, Michel"]
[Black "Belluire, Patrice"]
[Result "1-0"]
[WhiteElo "1829"]
[BlackElo "1944"]
[PlyCount "83"]
[EventDate "2011.??.??"]

1. e4 d5 2. exd5 Nf6 3. Bb5+ Bd7 4. Bc4 Bg4 5. f3 Bf5 6. Nc3 Nbd7 7. Bb5 a6 8.
Ba4 b5 9. Bb3 Nb6 10. Qe2 Nfxd5 11. Nxd5 Nxd5 12. Qe5 e6 13. Bxd5 Qxd5 14. Qxd5
exd5 15. d3 Bd6 16. Ne2 O-O 17. Bf4 Rad8 18. Bxd6 Rxd6 19. Kd2 d4 20. Rae1 c5
21. a3 h6 22. Nf4 f6 23. Re7 g5 24. Nh5 Rf7 25. Rhe1 Bg6 26. Ng3 f5 27. R1e6
Rf6 28. Rxf6 Rxf6 29. Rc7 h5 30. Rxc5 h4 31. Ne2 Rd6 32. g3 hxg3 33. Nxg3 f4
34. Ne4 Bxe4 35. dxe4 Rg6 36. Ke2 Rh6 37. Rxg5+ Kf7 38. Rf5+ Ke6 39. Rxf4 Rxh2+
40. Kd3 Rh1 41. Kxd4 Rd1+ 42. Kc3 1-0

[Event "ChFraVétérans2011"]
[Site "Caen"]
[Date "2011.08.18"]
[Round "3.8"]
[White "Ruiz, Richard"]
[Black "Siberchicot, Robert"]
[Result "1/2-1/2"]
[WhiteElo "2106"]
[BlackElo "1795"]
[PlyCount "96"]
[EventDate "2011.??.??"]

1. e4 e6 2. Nc3 d5 3. d4 Nf6 4. Bg5 Be7 5. Bxf6 Bxf6 6. Nf3 dxe4 7. Nxe4 Nd7 8.
Bd3 O-O 9. c3 b6 10. Qc2 Bb7 11. O-O-O Qe7 12. h4 c5 13. dxc5 bxc5 14. Kb1 Rab8
15. Ned2 h6 16. Rde1 Rfc8 17. g4 Ne5 18. Be4 Nxf3 19. Nxf3 Bxe4 20. Rxe4 Qb7
21. Rhe1 Rc6 22. g5 Rb6 23. R1e2 hxg5 24. hxg5 Be7 25. c4 Qc6 26. b3 a5 27. g6
Bf6 28. gxf7+ Kxf7 29. Rf4 Ke7 30. Qg6 Rxb3+ 31. axb3 Rxb3+ 32. Kc1 Rc3+ 33.
Rc2 Rxf3 34. Rxf3 Qxf3 35. Qg3 Qxg3 36. fxg3 Be5 37. g4 Kf6 38. Kd1 Kg5 39. Re2
Bd4 40. Rxe6 Kxg4 41. Ra6 g5 42. Rxa5 Kf3 43. Ra3+ Be3 44. Ke1 g4 45. Kf1 g3
46. Ra2 Ke4 47. Kg2 Bf2 48. Rd2 Ke3 1/2-1/2

[Event "ChFraVétérans2011"]
[Site "Caen"]
[Date "2011.08.18"]
[Round "3.9"]
[White "Rosenfeld, Imre"]
[Black "Negre, Albert"]
[Result "1/2-1/2"]
[WhiteElo "1905"]
[BlackElo "2103"]
[PlyCount "133"]
[EventDate "2011.??.??"]

1. d4 Nf6 2. Nf3 g6 3. Bg5 Bg7 4. Nbd2 O-O 5. c3 d6 6. e4 Nbd7 7. Be2 e5 8.
dxe5 Nxe5 9. Nxe5 dxe5 10. Qc2 c6 11. O-O Qc7 12. Rad1 Be6 13. Bc4 Rfe8 14.
Bxe6 Rxe6 15. Bxf6 Rxf6 16. Nf3 Rd6 17. Rxd6 Qxd6 18. Rd1 Qe6 19. b3 Re8 20.
Qd3 Bf6 21. Qd7 Rd8 22. Qxd8+ Bxd8 23. Rxd8+ Kg7 24. h3 Qe7 25. Rd2 a5 26. Kf1
Kf6 27. Ke2 h6 28. Ne1 Qc5 29. c4 b5 30. cxb5 Qxb5+ 31. Kd1 a4 32. Rd3 Qb4 33.
f3 Qa3 34. bxa4 Qxa4+ 35. Nc2 Qxa2 36. Rd6+ Kg5 37. Rxc6 Qb1+ 38. Kd2 Qg1 39.
Ne3 h5 40. Ke2 h4 41. Rd6 f5 42. exf5 gxf5 43. Rd1 Qh2 44. Kf2 Qg3+ 45. Kg1 e4
46. Nf1 Qe5 47. fxe4 fxe4 48. Nh2 Qc5+ 49. Kf1 Kf4 50. Re1 Qc4+ 51. Kg1 Qd4+
52. Kh1 Qc3 53. Rf1+ Ke3 54. Ng4+ Ke2 55. Rf7 Qb4 56. Kh2 Qe1 57. Rf5 Kd3 58.
Rf7 Qb4 59. Rf5 Kd2 60. Rf7 Qd6+ 61. Kh1 e3 62. Nxe3 Kxe3 63. Rf3+ Ke2 64. Rf7
Qe5 65. Rf3 Qa1+ 66. Kh2 Qe1 67. Rf7 1/2-1/2

[Event "ChFraVétérans2011"]
[Site "Caen"]
[Date "2011.08.18"]
[Round "3.10"]
[White "Peyrin, Jean"]
[Black "Degrave, Jack"]
[Result "1/2-1/2"]
[WhiteElo "1873"]
[BlackElo "1990"]
[PlyCount "119"]
[EventDate "2011.??.??"]

1. d4 Nf6 2. c4 g6 3. Nc3 Bg7 4. e4 d6 5. f4 O-O 6. Nf3 c5 7. d5 Na6 8. Bd3 Bd7
9. O-O Nc7 10. Qe1 a6 11. a4 b5 12. axb5 axb5 13. Rxa8 Qxa8 14. cxb5 Rb8 15. f5
Nxb5 16. fxg6 hxg6 17. Qh4 Nxc3 18. bxc3 c4 19. Bxc4 Qa5 20. e5 Nxd5 21. Bxd5
Qxd5 22. Qxe7 dxe5 23. Be3 Bc6 24. Qc5 Rb2 25. Qxd5 Bxd5 26. Rc1 f5 27. c4 Bc6
28. Ne1 f4 29. Bc5 e4 30. Ba7 Kf7 31. Bc5 Ke6 32. Rd1 Be5 33. Bd4 Ra2 34. Bxe5
Kxe5 35. c5 Bd5 36. Rc1 Ra6 37. Nc2 Ra4 38. Ne1 Rc4 39. Rxc4 Bxc4 40. Nc2 Kd5
41. c6 Kxc6 42. g3 Bd3 43. Ne1 fxg3 44. hxg3 Kd5 45. Kf2 Kd4 46. Ng2 Bc4 47.
Ne3 Be6 48. Nf1 Kd3 49. Ne3 Bh3 50. Nd1 Kd2 51. Ne3 Be6 52. Nf1+ Kd3 53. Ne3
Bf5 54. Ng2 Kd2 55. Ne3 Bh3 56. Nc4+ Kd3 57. Ne3 g5 58. Nd1 Kd2 59. Ne3 Be6 60.
Nf1+ 1/2-1/2

[Event "ChFraVétérans2011"]
[Site "Caen"]
[Date "2011.08.19"]
[Round "4.1"]
[White "Goldenberg, Richard"]
[Black "Tholey, Jean-Paul"]
[Result "1/2-1/2"]
[WhiteElo "2320"]
[BlackElo "1981"]
[PlyCount "59"]
[EventDate "2011.??.??"]

1. c4 e6 2. Nf3 Nf6 3. g3 d5 4. Bg2 Be7 5. O-O O-O 6. b3 c6 7. Bb2 Nbd7 8. Qc2
b6 9. d4 Bb7 10. Nc3 Rc8 11. e4 Nxe4 12. Nxe4 dxe4 13. Qxe4 Qc7 14. Qc2 c5 15.
dxc5 Nxc5 16. Be5 Bd6 17. Ng5 g6 18. Bxd6 Qxd6 19. Bxb7 Nxb7 20. Qe4 Qe7 21. h4
Nc5 22. Qe3 f6 23. Nf3 e5 24. Rad1 Rfd8 25. Qe2 Ne6 26. Rfe1 Kf7 27. Qe4 Nc5
28. Qe3 Rxd1 29. Rxd1 Rd8 30. Rd2 1/2-1/2

[Event "ChFraVétérans2011"]
[Site "Caen"]
[Date "2011.08.19"]
[Round "4.2"]
[White "Basic, Bosko"]
[Black "Hodot, Yves"]
[Result "1-0"]
[WhiteElo "2067"]
[BlackElo "1946"]
[PlyCount "83"]
[EventDate "2011.??.??"]

1. Nf3 f5 2. c4 Nf6 3. g3 g6 4. Bg2 Bg7 5. O-O O-O 6. d4 d6 7. Nc3 c6 8. d5 e5
9. dxe6 Bxe6 10. Qd3 Nbd7 11. Ng5 Qe7 12. Rd1 Rae8 13. Nxe6 Qxe6 14. Qxd6 Qxc4
15. Qc7 Nc5 16. Be3 Rxe3 17. fxe3 Bh6 18. Rd8 Bxe3+ 19. Kh1 Rxd8 20. Qxd8+ Kf7
21. Rd1 Ne6 22. Qb8 Qa6 23. Qe5 Bc5 24. h3 h5 25. e4 f4 26. gxf4 Be7 27. f5 Nf8
28. Qf4 Qc4 29. Rf1 h4 30. Qh6 Qd4 31. fxg6+ Kg8 32. g7 N8h7 33. Qg6 Qe5 34.
Rf5 Qg3 35. Qxg3 hxg3 36. e5 Nd7 37. Ne4 Kxg7 38. Nxg3 Nc5 39. Ne4 Kg6 40. Rf1
Nd3 41. Nf6 Nxe5 42. Be4+ 1-0

[Event "ChFraVétérans2011"]
[Site "Caen"]
[Date "2011.08.19"]
[Round "4.3"]
[White "Mounier, Michel"]
[Black "Ruch, Bernard"]
[Result "0-1"]
[WhiteElo "1829"]
[BlackElo "1994"]
[PlyCount "134"]
[EventDate "2011.??.??"]

1. e4 e6 2. d4 d5 3. e5 c5 4. c3 Qb6 5. Nf3 Bd7 6. a3 a5 7. Be2 Nc6 8. O-O a4
9. Ra2 Na5 10. Be3 Qb3 11. Qxb3 Nxb3 12. Nbd2 Nxd2 13. Nxd2 c4 14. f4 Ne7 15.
Raa1 Nf5 16. Bf2 h5 17. Nf3 Be7 18. h4 f6 19. Kh2 Ra6 20. Bd1 Kd8 21. Bc2 Nh6
22. Kh3 Kc7 23. Bg1 Ng4 24. Nh2 Be8 25. g3 Nh6 26. Rfe1 Rb6 27. Rab1 g5 28.
exf6 g4+ 29. Kg2 Bxf6 30. Nf1 Rg8 31. Ne3 Rd6 32. Re2 Bg6 33. Rbe1 Bxc2 34.
Nxc2 Kd7 35. Bf2 Rb6 36. Nb4 Nf5 37. Kh2 Rg7 38. Rg1 Nd6 39. Rge1 Ne4 40. Rxe4
dxe4 41. d5 Rd6 42. dxe6+ Rxe6 43. Nd5 Rf7 44. Nb6+ Kc6 45. Nxc4 Rd7 46. Re2
Rd3 47. Be3 b5 48. Nd2 Be7 49. Kg2 Bc5 50. Nf1 Kd5 51. Kf2 Rd1 52. Nd2 Bxe3+
53. Kxe3 Rh1 54. f5 Re5 55. Rf2 Re1+ 56. Re2 Rxe2+ 57. Kxe2 Rxf5 58. Nf1 Rf3
59. Ne3+ Kc5 60. Nf1 Kc4 61. Nd2+ Kd5 62. Nf1 Rxf1 63. Kxf1 Kc4 64. Ke2 Kb3 65.
Ke3 Kxb2 66. Kd4 e3 67. Kxe3 Kxc3 0-1

[Event "ChFraVétérans2011"]
[Site "Caen"]
[Date "2011.08.19"]
[Round "4.4"]
[White "Tilquin, Jean-Pierre"]
[Black "Ruiz, Richard"]
[Result "0-1"]
[WhiteElo "1974"]
[BlackElo "2106"]
[PlyCount "92"]
[EventDate "2011.??.??"]

1. d4 Nf6 2. c4 d6 3. Nc3 g6 4. e4 Bg7 5. Bd3 O-O 6. Nge2 Nc6 7. O-O Nd7 8. Bc2
e5 9. d5 Ne7 10. Be3 a5 11. Rb1 f5 12. exf5 Nxf5 13. Bxf5 gxf5 14. f4 b6 15.
Qc2 Nc5 16. Rbd1 e4 17. Bd4 Rf7 18. Nb5 Bd7 19. Bxg7 Rxg7 20. Ned4 Rf7 21. b3
Bxb5 22. Nxb5 Rg7 23. Nd4 Qf6 24. a3 Kh8 25. b4 axb4 26. axb4 Nd3 27. Ne6 Rg6
28. Rxd3 exd3 29. Qxd3 c5 30. bxc5 bxc5 31. Qb3 h6 32. g3 Rgg8 33. Qb6 Qe7 34.
Rb1 Ra7 35. Kf1 Rga8 36. Re1 Qd7 37. Qb2+ Kh7 38. Qf6 Qf7 39. Qh4 Qg6 40. Ng5+
Kg8 41. Re6 Qg7 42. Qxh6 Qxh6 43. Rxh6 Ra2 44. Rg6+ Kh8 45. Rh6+ Kg7 46. Rh7+
Kg8 0-1

[Event "ChFraVétérans2011"]
[Site "Caen"]
[Date "2011.08.19"]
[Round "4.5"]
[White "Negre, Albert"]
[Black "Rodriguez, Jean-Pierre"]
[Result "1/2-1/2"]
[WhiteElo "2103"]
[BlackElo "1871"]
[PlyCount "42"]
[EventDate "2011.??.??"]

1. d4 Nf6 2. Nc3 e6 3. e4 Bb4 4. e5 Ne4 5. Qg4 Nxc3 6. Qxg7 Rf8 7. a3 Nd5+ 8.
axb4 Nxb4 9. Bh6 Qe7 10. O-O-O d6 11. Be2 Nd7 12. Qxh7 dxe5 13. dxe5 Nxe5 14.
Bxf8 Qxf8 15. f4 Ng6 16. c3 Qc5 17. Kb1 Qf5+ 18. Ka1 Qa5+ 19. Kb1 Qf5+ 20. Ka1
Qa5+ 21. Kb1 Qf5+ 1/2-1/2

[Event "ChFraVétérans2011"]
[Site "Caen"]
[Date "2011.08.19"]
[Round "4.6"]
[White "Maury, Claude"]
[Black "Audiffren, Roger"]
[Result "0-1"]
[WhiteElo "1852"]
[BlackElo "2005"]
[PlyCount "88"]
[EventDate "2011.??.??"]

1. f4 d5 2. b3 c5 3. Bb2 e6 4. Nf3 Nc6 5. e3 a6 6. a4 Nf6 7. Be2 Bd6 8. O-O Qc7
9. Na3 Bd7 10. Qe1 O-O-O 11. d4 cxd4 12. Nxd4 Nxd4 13. Bxd4 e5 14. fxe5 Bxe5
15. Bxe5 Qxe5 16. Bf3 Rhe8 17. c4 Qxe3+ 18. Qxe3 Rxe3 19. cxd5 Rxb3 20. Nc4 Kb8
21. Nd6 Be8 22. Nxe8 Nxe8 23. Rfe1 Nd6 24. Re7 Rc3 25. Rb1 Rc7 26. Ree1 Ka7 27.
Kf2 Rdd7 28. Re3 Rc4 29. Bd1 Rd4 30. Rh3 h6 31. Rh5 Rd2+ 32. Kg1 f5 33. Bb3 Re7
34. Rh4 Ree2 35. g3 Rb2 36. Rxb2 Rxb2 37. Bd1 Rb1 38. Rd4 Kb6 39. Kg2 Kc5 40.
Rd3 Ne4 41. Kf3 Kd6 42. g4 Nc5 43. Rd2 fxg4+ 44. Kxg4 Ne4 0-1

[Event "ChFraVétérans2011"]
[Site "Caen"]
[Date "2011.08.19"]
[Round "4.7"]
[White "Birens, Eric-Andre"]
[Black "Peyrin, Jean"]
[Result "1-0"]
[WhiteElo "1997"]
[BlackElo "1873"]
[PlyCount "105"]
[EventDate "2011.??.??"]

1. d4 Nf6 2. c4 e6 3. Nc3 Bb4 4. e3 b6 5. Bd3 Bb7 6. f3 c5 7. Nge2 O-O 8. O-O
Bxc3 9. bxc3 d6 10. e4 e5 11. d5 Nbd7 12. g4 Ne8 13. Ng3 g6 14. a4 a5 15. Bh6
Ng7 16. Qd2 Bc8 17. Ra2 f6 18. h4 Rf7 19. Qh2 Nf8 20. Rg2 Bd7 21. Bc2 Qe8 22.
Ra1 Qc8 23. Kh1 Rb8 24. h5 g5 25. Qh3 Ra8 26. Ne2 Qe8 27. Qh2 Qe7 28. Qg1 Rb8
29. Qc1 Qd8 30. Qd2 Ne8 31. f4 exf4 32. Nxf4 gxf4 33. g5 Kh8 34. Qxf4 Qe7 35.
g6 Rg7 36. Bxg7+ Nxg7 37. h6 Nxg6 38. hxg7+ Kxg7 39. Rag1 Kh8 40. Qh6 Be8 41.
Rxg6 Bxg6 42. Rxg6 Rg8 43. Rxg8+ Kxg8 44. Qf4 Kh8 45. Kg2 Qg7+ 46. Kf2 Qe7 47.
Bd1 Kg7 48. Bg4 Qd8 49. Be6 Qf8 50. Kf3 Kh8 51. Qg4 Qd8 52. Qh5 Kg7 53. Qf7+
1-0

[Event "ChFraVétérans2011"]
[Site "Caen"]
[Date "2011.08.19"]
[Round "4.8"]
[White "Degrave, Jack"]
[Black "Carrot, Patrick"]
[Result "0-1"]
[WhiteElo "1990"]
[BlackElo "1866"]
[PlyCount "64"]
[EventDate "2011.??.??"]

1. e4 e5 2. Nf3 Nc6 3. d4 exd4 4. Nxd4 Bc5 5. Be3 Nxd4 6. Bxd4 Bxd4 7. Qxd4 Nf6
8. Nc3 O-O 9. O-O-O d6 10. f3 Be6 11. Be2 a6 12. g4 Qe7 13. g5 Nh5 14. Qe3 g6
15. f4 Ng7 16. h4 c6 17. h5 gxh5 18. Bxh5 Nxh5 19. Qf3 Ng7 20. Qg3 f5 21. g6
hxg6 22. Qxg6 Qf6 23. Qh7+ Kf7 24. Rh6 Rh8 25. Qxh8 Rxh8 26. Rxh8 fxe4 27. Rg1
Qxf4+ 28. Kb1 Bf5 29. Rb8 Ne6 30. Rxb7+ Kf6 31. Rd1 e3 32. Rb6 Qf2 0-1

[Event "ChFraVétérans2011"]
[Site "Caen"]
[Date "2011.08.19"]
[Round "4.9"]
[White "Zurano, Alberto"]
[Black "Maurel, Jean-Louis"]
[Result "1/2-1/2"]
[WhiteElo "1817"]
[BlackElo "1958"]
[PlyCount "64"]
[EventDate "2011.??.??"]

1. e4 e6 2. d4 d5 3. Nd2 Nf6 4. e5 Nfd7 5. Bd3 c5 6. c3 Nc6 7. Ne2 Qb6 8. Nf3
cxd4 9. cxd4 f6 10. exf6 Nxf6 11. O-O Bd6 12. Nc3 O-O 13. Re1 Bd7 14. a3 Rac8
15. Na4 Qd8 16. Bg5 b6 17. Nc3 Na5 18. Ne5 Qc7 19. Bxf6 gxf6 20. Nxd7 Qxd7 21.
Qg4+ Kh8 22. Qxe6 Qxe6 23. Rxe6 Rcd8 24. Kf1 Nb3 25. Rd1 Nxd4 26. Ree1 Be5 27.
Ne2 Nb3 28. Bc2 Nc5 29. Nd4 Rc8 30. Bf5 Rce8 31. Bc2 Rc8 32. Bf5 Rce8 1/2-1/2

[Event "ChFraVétérans2011"]
[Site "Caen"]
[Date "2011.08.19"]
[Round "4.10"]
[White "Cousin, Philippe"]
[Black "Molet, Asher"]
[Result "1/2-1/2"]
[WhiteElo "1953"]
[BlackElo "1859"]
[PlyCount "109"]
[EventDate "2011.??.??"]

1. d4 d5 2. Nf3 e6 3. c4 Nf6 4. Nc3 c6 5. e3 Nbd7 6. Bd3 Bd6 7. cxd5 exd5 8.
O-O O-O 9. Qc2 Re8 10. Re1 Nf8 11. Bf5 Qe7 12. Bd2 Ne4 13. Bxc8 Raxc8 14. Rad1
Ng6 15. Bc1 Nh4 16. Nxh4 Qxh4 17. f4 Nxc3 18. g3 Qg4 19. bxc3 Re4 20. Qe2 Qg6
21. Qf3 Rce8 22. Rf1 f5 23. Kh1 b5 24. Bd2 R4e7 25. Rg1 h5 26. Kg2 Kf7 27. Kf2
Rh8 28. h3 Qe6 29. Rg2 Qe4 30. Qxe4 Rxe4 31. Rdg1 Re6 32. g4 fxg4 33. hxg4 hxg4
34. Rxg4 Rh2+ 35. R4g2 Reh6 36. Rxh2 Rxh2+ 37. Rg2 Rxg2+ 38. Kxg2 Ke6 39. Kf3
Kf5 40. Bc1 a5 41. Bd2 Ba3 42. Be1 a4 43. Bd2 Bb2 44. Be1 Bc1 45. Ke2 Ke4 46.
Bd2 Ba3 47. Be1 Be7 48. Bd2 g6 49. Be1 Kf5 50. Kf3 c5 51. dxc5 Bxc5 52. Bd2 Ba3
53. Ke2 Ke6 54. Kd3 Bc5 55. e4 1/2-1/2

[Event "ChFraVétérans2011"]
[Site "Caen"]
[Date "2011.08.20"]
[Round "5.1"]
[White "Ruch, Bernard"]
[Black "Basic, Bosko"]
[Result "1/2-1/2"]
[WhiteElo "1994"]
[BlackElo "2067"]
[PlyCount "132"]
[EventDate "2011.??.??"]

1. d4 d5 2. Nf3 Nf6 3. Bf4 e6 4. e3 Nbd7 5. Nbd2 c5 6. c3 Qb6 7. Rb1 Bd6 8. Bg3
O-O 9. Bd3 Qc7 10. O-O Bxg3 11. hxg3 e5 12. dxe5 Nxe5 13. Nxe5 Qxe5 14. Nf3 Qh5
15. Nh2 Bg4 16. f3 Bd7 17. Kf2 Qe5 18. Rh1 Rfe8 19. Qd2 Bf5 20. Rbe1 Bxd3 21.
Qxd3 h6 22. g4 Qg5 23. Qf5 Re5 24. Qxg5 hxg5 25. Nf1 Rae8 26. Ng3 g6 27. Re2
R5e6 28. Rd1 b5 29. b4 Rc6 30. Rd3 Rec8 31. e4 c4 32. Rd4 dxe4 33. Nxe4 Nxe4+
34. Rdxe4 Rd8 35. Re5 a6 36. Rxg5 Rd3 37. Rc2 Re6 38. Rc5 Ree3 39. Rc6 Rxc3 40.
Rxc3 Rxc3 41. Rxa6 Rc2+ 42. Kg3 Rb2 43. a3 c3 44. f4 Rb3 45. Kh4 c2 46. Rc6
Rxa3 47. f5 gxf5 48. gxf5 Rb3 49. Rxc2 Rxb4+ 50. Kg5 Rc4 51. Ra2 Rc8 52. Rb2
Rb8 53. Rb4 Rb6 54. f6 Rb8 55. g4 Kf8 56. Kh6 Kg8 57. g5 Rb6 58. Rd4 Rb8 59. g6
b4 60. g7 b3 61. Rd1 b2 62. Rb1 Rb5 63. Rd1 Rb8 64. Rb1 Rb6 65. Kg5 Rb5+ 66.
Kf4 Rb4+ 1/2-1/2

[Event "ChFraVétérans2011"]
[Site "Caen"]
[Date "2011.08.20"]
[Round "5.2"]
[White "Hodot, Yves"]
[Black "Goldenberg, Richard"]
[Result "0-1"]
[WhiteElo "1946"]
[BlackElo "2320"]
[PlyCount "106"]
[EventDate "2011.??.??"]

1. e4 c5 2. Nf3 Nc6 3. d4 cxd4 4. Nxd4 g6 5. Nxc6 bxc6 6. Qd4 Nf6 7. e5 Nd5 8.
e6 Nf6 9. exf7+ Kxf7 10. Nd2 Bg7 11. Nf3 Re8 12. Bc4+ d5 13. Ne5+ Kg8 14. Bb3
Qd6 15. Qf4 a5 16. a3 a4 17. Ba2 Bf5 18. Nd3 Ng4 19. O-O Qxf4 20. Nxf4 Bxc2 21.
h3 Nf6 22. Ne6 Rac8 23. Bf4 Bh8 24. Rac1 Bf5 25. Nc7 Nh5 26. Bh2 Bd7 27. Nxe8
Rxe8 28. g4 Nf6 29. Be5 h5 30. f3 Bg7 31. Bb1 Kf7 32. Rfe1 Bh6 33. Rc5 Rf8 34.
Kf2 Be8 35. Kg3 Nd7 36. Ra5 h4+ 37. Kxh4 Nxe5 38. Rxe5 Bf4 39. Bxg6+ Kxg6 40.
Rh5 Bd2 41. Re5 Bxa5 42. Rg5+ Kh6 43. Re5 Rxf3 44. Rxe7 Bf7 45. g5+ Kg7 46. Kg4
Rf1 47. h4 Re1 48. Ra7 Bd8 49. Rxa4 Re4+ 50. Rxe4 dxe4 51. Kf4 Bg6 52. b4 Bc7+
53. Ke3 Bb6+ 0-1

[Event "ChFraVétérans2011"]
[Site "Caen"]
[Date "2011.08.20"]
[Round "5.3"]
[White "Tholey, Jean-Paul"]
[Black "Birens, Eric-Andre"]
[Result "1/2-1/2"]
[WhiteElo "1981"]
[BlackElo "1997"]
[PlyCount "103"]
[EventDate "2011.??.??"]

1. d4 Nf6 2. Nf3 c5 3. e3 g6 4. Be2 Bg7 5. O-O b6 6. b3 O-O 7. Bb2 Bb7 8. Nbd2
d6 9. c4 e6 10. Rc1 Qe7 11. Re1 Nbd7 12. Bf1 e5 13. dxe5 dxe5 14. e4 Rfd8 15.
Qc2 Nh5 16. Rcd1 Nb8 17. Nb1 Nc6 18. Nc3 Nd4 19. Nxd4 exd4 20. Nd5 Bxd5 21.
exd5 Qd6 22. Qe4 Kf8 23. Bc1 Re8 24. Qf3 Rxe1 25. Rxe1 Re8 26. Rxe8+ Kxe8 27.
Qe4+ Qe5 28. Bd3 f5 29. Qxe5+ Bxe5 30. g3 Nf6 31. f3 Kd7 32. Kf2 Ne8 33. Bd2
Nd6 34. f4 Bf6 35. Kf3 Ke7 36. Bc1 a5 37. a3 Nb7 38. Bd2 Kd6 39. g4 fxg4+ 40.
Kxg4 Ke7 41. Be1 Nd6 42. b4 axb4 43. axb4 h5+ 44. Kf3 Kf7 45. Bd2 Bd8 46. Ke2
Kf6 47. Kd1 Nf5 48. Kc2 Bc7 49. Bxf5 Kxf5 50. bxc5 bxc5 51. Kd3 Bd6 52. h3
1/2-1/2

[Event "ChFraVétérans2011"]
[Site "Caen"]
[Date "2011.08.20"]
[Round "5.4"]
[White "Ruiz, Richard"]
[Black "Pinchon, Henri"]
[Result "1-0"]
[WhiteElo "2106"]
[BlackElo "1904"]
[PlyCount "43"]
[EventDate "2011.??.??"]

1. d4 Nf6 2. Nc3 d5 3. Bg5 e6 4. e4 dxe4 5. Nxe4 Be7 6. Bxf6 Bxf6 7. Nf3 O-O 8.
c3 Bd7 9. Bd3 h6 10. Qc2 Bc6 11. O-O-O Nd7 12. h4 Nb6 13. g4 Be7 14. g5 h5 15.
Rhg1 Kh8 16. g6 f6 17. Qe2 Be8 18. Nfd2 Bxg6 19. Rxg6 Qd5 20. Qxh5+ Kg8 21.
Rdg1 Rf7 22. Rh6 1-0

[Event "ChFraVétérans2011"]
[Site "Caen"]
[Date "2011.08.20"]
[Round "5.5"]
[White "Audiffren, Roger"]
[Black "Mounier, Michel"]
[Result "1/2-1/2"]
[WhiteElo "2005"]
[BlackElo "1829"]
[PlyCount "88"]
[EventDate "2011.??.??"]

1. d4 d5 2. Nf3 Nc6 3. e3 Bg4 4. Be2 e6 5. b3 Bb4+ 6. c3 Bd6 7. Bb2 Nf6 8. Nbd2
O-O 9. O-O Ne7 10. c4 c6 11. Rc1 Rc8 12. c5 Bb8 13. b4 Ne4 14. Ne5 Bxe2 15.
Qxe2 f6 16. Nd3 Ng6 17. f4 Qd7 18. Nf2 Nxd2 19. Qxd2 e5 20. g3 exf4 21. exf4
Qf5 22. Qd3 Qxd3 23. Nxd3 Rfe8 24. Rce1 Kf7 25. Kg2 Rxe1 26. Rxe1 Re8 27. Rxe8
Kxe8 28. Kf3 Kf7 29. a4 Ke6 30. b5 Ne7 31. Nb4 Bc7 32. Bc3 Kd7 33. h4 Ba5 34.
Nxd5 Nxd5 35. Bxa5 b6 36. cxb6 axb6 37. bxc6+ Kxc6 38. Bd2 f5 39. g4 g6 40.
gxf5 gxf5 41. Ke2 Nf6 42. Kd3 Kd5 43. a5 bxa5 44. Bxa5 h5 1/2-1/2

[Event "ChFraVétérans2011"]
[Site "Caen"]
[Date "2011.08.20"]
[Round "5.6"]
[White "Rosenfeld, Imre"]
[Black "Belluire, Patrice"]
[Result "1/2-1/2"]
[WhiteElo "1905"]
[BlackElo "1944"]
[PlyCount "53"]
[EventDate "2011.??.??"]

1. d4 Nf6 2. Nf3 b6 3. g3 Bb7 4. Bg2 e6 5. O-O Be7 6. c4 O-O 7. Nc3 Ne4 8. Nxe4
Bxe4 9. Nd2 Bxg2 10. Kxg2 d5 11. Qa4 dxc4 12. Qxc4 Bf6 13. Nf3 Qd5 14. Qxd5
exd5 15. Bg5 Bxg5 16. Nxg5 Re8 17. e3 Nd7 18. Rac1 Rac8 19. Rc6 Nb8 20. Rc2 c5
21. dxc5 Rxc5 22. Rd2 d4 23. h4 dxe3 24. fxe3 f6 25. Nh3 Nc6 26. Re1 Rce5 27.
Kf2 1/2-1/2

[Event "ChFraVétérans2011"]
[Site "Caen"]
[Date "2011.08.20"]
[Round "5.7"]
[White "Guillaumat, Jean-Pierre"]
[Black "Le Du, Michel"]
[Result "1/2-1/2"]
[WhiteElo "1898"]
[BlackElo "1912"]
[PlyCount "51"]
[EventDate "2011.??.??"]

1. d4 Nf6 2. Nf3 g6 3. c4 Bg7 4. Nc3 d5 5. g3 O-O 6. Bg2 c6 7. cxd5 cxd5 8. O-O
Nc6 9. Re1 h6 10. Qb3 Kh7 11. Bf4 Na5 12. Qd1 Bf5 13. Be5 Nc4 14. Qb3 Na5 15.
Qa4 Bd7 16. Qd1 Nc4 17. b3 Nb6 18. Rc1 Be6 19. Nd2 Nbd7 20. e4 Nxe5 21. dxe5
Nxe4 22. Ndxe4 dxe4 23. Nxe4 Qxd1 24. Rcxd1 Rfd8 25. f4 Rac8 26. Kf2 1/2-1/2

[Event "ChFraVétérans2011"]
[Site "Caen"]
[Date "2011.08.20"]
[Round "5.8"]
[White "Carrot, Patrick"]
[Black "Negre, Albert"]
[Result "0-1"]
[WhiteElo "1866"]
[BlackElo "2103"]
[PlyCount "50"]
[EventDate "2011.??.??"]

1. e4 e5 2. Nf3 Nc6 3. Bb5 f5 4. d3 fxe4 5. dxe4 Nf6 6. O-O Bc5 7. Nc3 d6 8. h3
O-O 9. a3 a6 10. Bc4+ Kh8 11. Bg5 Ne7 12. Bxf6 gxf6 13. b4 Ba7 14. Qe2 Qe8 15.
Nh4 Bd4 16. Qd2 Qh5 17. g3 Bxh3 18. Rfe1 f5 19. Be2 Bg4 20. Rad1 f4 21. Bxg4
Qxg4 22. Ne2 Bxf2+ 23. Kxf2 fxg3+ 24. Kg2 Rf2+ 25. Kg1 Qxh4 0-1

[Event "ChFraVétérans2011"]
[Site "Caen"]
[Date "2011.08.20"]
[Round "5.9"]
[White "Molet, Asher"]
[Black "Tilquin, Jean-Pierre"]
[Result "1-0"]
[WhiteElo "1859"]
[BlackElo "1974"]
[PlyCount "67"]
[EventDate "2011.??.??"]

1. d4 Nf6 2. Nf3 g6 3. c4 Bg7 4. Nc3 d5 5. e3 O-O 6. Qb3 e6 7. Bd2 b6 8. cxd5
exd5 9. Rc1 c5 10. Qa3 Ne4 11. Be2 Nxd2 12. Nxd2 cxd4 13. exd4 Bxd4 14. O-O
Bxc3 15. Qxc3 Be6 16. Nf3 Nd7 17. Nd4 Qf6 18. b4 a5 19. a3 Rfc8 20. Nc6 Kg7 21.
Qxf6+ Kxf6 22. f4 axb4 23. axb4 Rc7 24. g4 Rac8 25. b5 Nb8 26. f5 gxf5 27. gxf5
Bd7 28. Nxb8 Rxc1 29. Nxd7+ Ke7 30. Nxb6 Rg8+ 31. Kf2 Rxf1+ 32. Bxf1 Kd6 33.
Bg2 Kc5 34. Nxd5 1-0

[Event "ChFraVétérans2011"]
[Site "Caen"]
[Date "2011.08.20"]
[Round "5.10"]
[White "Maurel, Jean-Louis"]
[Black "Siberchicot, Robert"]
[Result "0-1"]
[WhiteElo "1958"]
[BlackElo "1795"]
[PlyCount "74"]
[EventDate "2011.??.??"]

1. d4 e6 2. Nf3 Nf6 3. Bg5 d5 4. e3 Nbd7 5. Bd3 Be7 6. Nbd2 O-O 7. c3 b6 8. O-O
Bb7 9. Qe2 Ne4 10. Bxe7 Qxe7 11. Rac1 Ndf6 12. Ne5 c5 13. Rfe1 Rac8 14. Rcd1
Nxd2 15. Qxd2 Ne4 16. Bxe4 dxe4 17. dxc5 Rfd8 18. Qe2 Rxc5 19. Rxd8+ Qxd8 20.
Rd1 Rd5 21. Rxd5 Qxd5 22. Nc4 Ba6 23. b3 Bxc4 24. bxc4 Qd3 25. Qxd3 exd3 26.
Kf1 Kf8 27. Ke1 Ke7 28. Kd2 Kd6 29. Kxd3 Kc5 30. f4 a5 31. g4 a4 32. h4 a3 33.
e4 h6 34. g5 h5 35. Ke3 Kxc4 36. Kd2 f6 37. e5 fxe5 0-1

[Event "ChFraVétérans2011"]
[Site "Caen"]
[Date "2011.08.21"]
[Round "6.1"]
[White "Goldenberg, Richard"]
[Black "Ruch, Bernard"]
[Result "0-1"]
[WhiteElo "2320"]
[BlackElo "1994"]
[PlyCount "64"]
[EventDate "2011.??.??"]

1. c4 c6 2. e4 d6 3. d4 Qc7 4. Nc3 e5 5. Nf3 Nf6 6. Be2 Be7 7. O-O Bg4 8. Be3
Nbd7 9. d5 O-O 10. Ne1 Bxe2 11. Qxe2 a6 12. Nd3 Nb6 13. b3 cxd5 14. cxd5 Qd8
15. Rac1 Rc8 16. Kh1 Nfd7 17. Qg4 f5 18. exf5 Nf6 19. Qb4 Nbxd5 20. Nxd5 Nxd5
21. Qxb7 Nxe3 22. fxe3 Rxc1 23. Rxc1 Rxf5 24. g4 Rf8 25. Nb4 Bg5 26. Qd5+ Kh8
27. Qe6 Bxe3 28. Rd1 Bd4 29. Nd5 Qa8 30. Rc1 Bc5 31. Rd1 Rf6 32. Qe7 Rf1+ 0-1

[Event "ChFraVétérans2011"]
[Site "Caen"]
[Date "2011.08.21"]
[Round "6.2"]
[White "Basic, Bosko"]
[Black "Tholey, Jean-Paul"]
[Result "1-0"]
[WhiteElo "2067"]
[BlackElo "1981"]
[PlyCount "141"]
[EventDate "2011.??.??"]

1. Nf3 d5 2. d4 Nf6 3. g3 e6 4. Bg2 c5 5. c4 dxc4 6. e3 Nc6 7. O-O cxd4 8. exd4
Be7 9. Qa4 Bd7 10. Qxc4 Rc8 11. Qe2 Nb4 12. Nc3 Bc6 13. a3 Nbd5 14. Rd1 O-O 15.
Bg5 Qa5 16. Bd2 Qb6 17. Nxd5 Bxd5 18. Bc3 Rc7 19. Ne5 Bxg2 20. Kxg2 Rfc8 21.
Qf3 Bd6 22. Rd3 Nd5 23. Rad1 f6 24. Qg4 Be7 25. Ba5 Qa6 26. Bxc7 Rxc7 27. Nf3
g6 28. Qe4 Kf7 29. Qh4 Kg7 30. Qe4 Kf7 31. R3d2 Qc6 32. Kg1 Bf8 33. Ne1 Ne7 34.
Qh4 h5 35. Rc2 Qb6 36. Rxc7 Qxc7 37. Qe4 Nd5 38. Nd3 Bd6 39. Rc1 Qd7 40. b4 Qa4
41. Re1 Qd7 42. Nc5 Bxc5 43. dxc5 a6 44. a4 b6 45. cxb6 Nxb6 46. Qe3 Nd5 47.
Qh6 Ne7 48. Qh7+ Kf8 49. Qh6+ Kf7 50. a5 e5 51. Qe3 Nf5 52. Qe4 Qd2 53. Qc4+
Kg7 54. Re2 Qd1+ 55. Kg2 Nd4 56. Re3 Nc2 57. Rc3 Ne1+ 58. Kh3 Qd7+ 59. g4 Kh6
60. Qe2 Qd4 61. Qe3+ g5 62. Qxd4 exd4 63. Rc6 hxg4+ 64. Kxg4 Kg6 65. Rxa6 Nd3
66. Rd6 Nxb4 67. Rxd4 Nc6 68. Ra4 f5+ 69. Kg3 Kf6 70. a6 Na7 71. Rb4 1-0